000
00281nam a2200109Ia 4500
008
190913s9999||||xx |||||||||||||| ||und||
100
_a
Odom, Wendell
245
0
_a
Cisco CCNA Exam 640-607 Certification Guide
260
_a
New Delhi
_b
McGraw Hill
_c
1999
300
_a
680
942
_c
BK
999
_c
8330
_d
8330